000 01240nam a2200229Ia 4500
003 Ost
005 20260507075612.0
008 260507s9999||||xx |||||||||||||| ||und||
020 _a996024492X
040 _cfsecg
041 _aara
082 _a330
100 _aمهلهل، متوكل بن عباس محمد
_eمؤلف
245 0 _aمبادئ الاقتصاد :
_bمدخل عام /
_c متوكل بن عباس محمد مهلهل
260 _aالرياض:
_bدار المريخ,
_c2000
300 _a200 صفحة؛
_bإيضاحات ؛
_c24 سم
504 _aالمراجع ص. 200
520 _aمبادئ الاقتصاد، التنمية الاقتصادية، دراسة لبعض النماذج الاقتصادية، بعض الاقتصاديات المعاصرة الأخرى، الضغط السكاني ونظرية توماس مالنس، عناصر الانتاج في النظام الاقتصادي الاسلامي، العلاقة بين النشاط الاقتصادي والأخلاق في مدخل اجتماعي، البترول، النموذج الرياضي لمنظمة الأوبك
653 _aالاقتصادي الاسلامي
653 _aالتنمية الاقتصادية
942 _cكتاب
999 _c45081
_d45081